| 000 | 00454nam a2200157 i 4500 | ||
|---|---|---|---|
| 001 | 31287 | ||
| 003 | ES-MaACL | ||
| 005 | 20230906154342.0 | ||
| 007 | t| | ||
| 008 | 030128s1934 sp ||||1| spa d | ||
| 100 | 1 |
_aBenavides, Manuel D. _927454 |
|
| 245 | 1 | 3 |
_aEl último pirata del Mediterráneo _b: reportaje / _cManuel D. Benavides. |
| 260 |
_aBarcelona : _b[s.n., _c1934] ( _fTip. Cosmos) |
||
| 300 |
_a377 p. ; _c20 cm. |
||
| 852 |
_aES-MaACL _jA-3005 |
||
| 999 |
_c31287 _d31287 |
||